000 00278nam a2200097Ia 4500
001 649706
005 20250826153747.0
008 250824s9999 xx 000 0 und d
245 0 _aŞİRİN İSTANBULU GEZİYORUM 19 BELGRAT ORMANINDA
_cBİRSEN EKİM ÖZEN
260 _bTİMAŞ ÇOCUK
999 _c649706
_d649706